| 000 | 01409cam a22003734a 4500 | ||
|---|---|---|---|
| 001 | 14085885 | ||
| 003 | SISC | ||
| 005 | 20160707171127.0 | ||
| 008 | 050824s2007 maua 001 0 eng | ||
| 010 | _a 2005053865 | ||
| 020 | _a0072857684 (acidfree paper) | ||
| 020 | _a0073221066 | ||
| 020 | _a9780072857689 | ||
| 020 | _a9780073221069 | ||
| 035 | _a(OCoLC)ocm61362877 | ||
| 040 |
_aDLC _cDLC _dYDX _dBAKER _dDLC |
||
| 042 | _apcc | ||
| 050 | 0 | 0 |
_aQD33.2 _b.B38 2006 |
| 082 | 0 | 0 | _a540 |
| 100 | 1 |
_aBauer, Richard C., _d1963 November 24- |
|
| 245 | 1 | 2 |
_aA conceptual introduction to chemistry / _cRichard C. Bauer, James P. Birk, Pamela S. Marks. |
| 250 | _aAnnotated instructor's ed. | ||
| 260 |
_aBoston : _bMcGraw-Hill Higher Education, _cc2006. |
||
| 300 |
_axxii, 647, A-34, G-7, C-3, I-14 p. : _bill. (chiefly col.) ; _c29 cm. |
||
| 500 | _aIncludes index. | ||
| 650 | 0 |
_aChemistry _vTextbooks. |
|
| 700 | 1 | _aBirk, James P. | |
| 700 | 1 | _aMarks, Pamela. | |
| 856 | 4 | 2 |
_3Publisher description _uhttp://www.loc.gov/catdir/enhancements/fy0634/2005053865-d.html |
| 856 | 4 | 1 |
_3Table of contents only _uhttp://www.loc.gov/catdir/enhancements/fy0634/2005053865-t.html |
| 906 |
_a7 _bcbc _corignew _d1 _eocip _f20 _gy-gencatlg |
||
| 942 |
_2lcc _cBK |
||
| 999 |
_c296226 _d296226 |
||